CONCRETE ROADS DESIGN & CONSTRUCTION (Record no. 1163565)

MARC details
000 -LEADER
fixed length control field 00286nam a2200109Ia 4500
008 - FIXED-LENGTH DATA ELEMENTS--GENERAL INFORMATION
fixed length control field 240521s1934 xx 000 0 und d
041 ## - LANGUAGE CODE
Language code of text/sound track or separate title eng
100 ## - MAIN ENTRY--PERSONAL NAME
Personal name SMITH.A.B.
245 ## - TITLE STATEMENT
Title CONCRETE ROADS DESIGN & CONSTRUCTION
260 ## - PUBLICATION, DISTRIBUTION, ETC.
Name of publisher, distributor, etc. CONFEDERATION OF INDIA INDUSTRA
Date of publication, distribution, etc. 1934
300 ## - PHYSICAL DESCRIPTION
Extent 312

No items available.